000 00315nam a2200145Ia 4500
100 _aHaykin/Simons/ Skapura David M
250 _a2
942 _cBK
654 _aNeural
245 _aNeural networks
260 _bPrentice Hall
_aNew Jersey
_c2003
082 _a6.3
_bHAY
300 _a842
546 _aENGLISH
999 _c27898
_d27898